| 000 | nam a22 7a 4500 | ||
|---|---|---|---|
| 999 |
_c30537 _d30537 |
||
| 008 | 190717b xxu||||| |||| 00| 0 eng d | ||
| 020 | _a9652800724 | ||
| 050 |
_aDS101 _b.I85 1994 |
||
| 245 |
_aIsrael; _bpictorial guide & souvenir.262 colour photos |
||
| 260 |
_aIsrael; _bPalphot ltd. |
||
| 300 |
_ano pagination _bill,[chiefly col] _c27cm. |
||
| 500 | _ainclude Index | ||
| 650 |
_2Israel _aIsrael |
||
| 942 |
_2lcc _cREF_BOOK _hDS 101 .I851994 |
||